000101822 001__ 101822 000101822 005__ 20210513121126.0 000101822 037__ $$aTAZ-TFG-2020-4148 000101822 041__ $$aspa 000101822 1001_ $$aAzagra García, Iván 000101822 24200 $$aAnalysis of the positioning of a company in the services sector 000101822 24500 $$aAnálisis del posicionamiento de una empresa en el sector servicios 000101822 260__ $$aZaragoza$$bUniversidad de Zaragoza$$c2020 000101822 506__ $$aby-nc-sa$$bCreative Commons$$c3.0$$uhttp://creativecommons.org/licenses/by-nc-sa/3.0/ 000101822 520__ $$aA través de este trabajo de fin de grado se analiza el posicionamiento de una empresa concreta del sector servicios, en este caso, sobre la compañía McDonald's.<br />Este trabajo se ha desarrollado a partir de la información obtenida en las asignaturas de Dirección Estratégica y Política de la empresa.A lo largo de este trabajo se utilizan diferentes herramientas como la cadena de valor de Porter, el análisis del beneficio percibido y diversas teorías.<br />Este trabajo nos va a permitir conocer a fondo la empresa, su ventaja competitiva y como la mantiene en el tiempo <br /><br /> 000101822 521__ $$aGraduado en Administración y Dirección de Empresas 000101822 540__ $$aDerechos regulados por licencia Creative Commons 000101822 700__ $$aGalve Górriz, Carmen$$edir. 000101822 7102_ $$aUniversidad de Zaragoza$$b $$c 000101822 8560_ $$f701811@unizar.es 000101822 8564_ $$s1091967$$uhttps://zaguan.unizar.es/record/101822/files/TAZ-TFG-2020-4148.pdf$$yMemoria (spa) 000101822 909CO $$ooai:zaguan.unizar.es:101822$$pdriver$$ptrabajos-fin-grado 000101822 950__ $$a 000101822 951__ $$adeposita:2021-05-13 000101822 980__ $$aTAZ$$bTFG$$cECON 000101822 999__ $$a20200930001743.CREATION_DATE